Growing start-ups / (Record no. 82934)
[ view plain ]
| 000 -LEADER | |
|---|---|
| fixed length control field | 00406nam a22001457a 4500 |
| 003 - CONTROL NUMBER IDENTIFIER | |
| control field | URS |
| 005 - DATE AND TIME OF LATEST TRANSACTION | |
| control field | 20250516015722.0 |
| 008 - FIXED-LENGTH DATA ELEMENTS--GENERAL INFORMATION | |
| fixed length control field | 250516b |||||||| |||| 00| 0 eng d |
| 040 ## - CATALOGING SOURCE | |
| Transcribing agency | URS |
| 100 1# - MAIN ENTRY--PERSONAL NAME | |
| Personal name | Aromas, Ava May. |
| Relator term | author |
| 245 10 - TITLE STATEMENT | |
| Title | Growing start-ups / |
| Statement of responsibility, etc. | Ava May Aromas. |
| 300 ## - PHYSICAL DESCRIPTION | |
| Extent | pages 12 - 14 ; |
| Dimensions | 28 cm |
| 773 0# - HOST ITEM ENTRY | |
| Host Biblionumber | 82824 |
| Host Itemnumber | 75352 |
| Other item identifier | PIL-13541110-29-2 |
| Title | Business review |
| International Standard Serial Number | 13541110 |
| 942 ## - ADDED ENTRY ELEMENTS (KOHA) | |
| Source of classification or shelving scheme | Dewey Decimal Classification |
| Koha item type | Continuing Resources |
No items available.